[Event "Moehnesee Cup-B"]
[Site "Moehnesee"]
[Date "2005.08.21"]
[Round "7"]
[White "Rupprecht, Danelo"]
[Black "Nolte, Christoph"]
[Result "0-1"]
[WhiteElo "1622"]
[BlackElo "1572"]
[PlyCount "58"]
[EventDate "2005.08.18"]
[EventType "swiss"]
[EventRounds "7"]
[EventCountry "GER"]
[SourceTitle "CBM 108 Extra"]
[Source "ChessBase"]
[SourceDate "2005.11.04"]
[SourceVersion "1"]
[SourceVersionDate "2005.11.04"]
[SourceQuality "1"]

1. e4 e6 2. d4 d5 3. exd5 exd5 4. c4 dxc4 5. Bxc4 Bd6 6. Nf3 Bg4 7. Bxf7+ Kxf7 8. Ng5+ Qxg5 9. Qb3+ Be6 10. Qxe6+ Kxe6 11. Bxg5 Nf6 12. 0-0 Kf7 13. Nc3 Nbd7 14. Rac1 c6 15. Rfe1 h6 16. Bxf6 Nxf6 17. Ne4 Nxe4 18. Rxe4 Rhe8 19. Rce1 Rxe4 20. Rxe4 Re8 21. f3 c5 22. Kf1 Rxe4 23. fxe4 cxd4 24. h3 Ke6 25. Ke2 Ke5 26. Kd3 b6 27. a3 a5 28. a4 Bc5 29. g3 h5 0-1